000 01096cam a2200265 a 4500
999 _c219561
_d219561
001 3542974
003 Nust
005 20170214104129.0
008 970418s1997 mau 000 1 eng
010 _a 97019956
020 _a9780747598251
040 _aDLC
_cDLC
_dDLC
050 0 0 _aPS3557.I3415
_bP55 1997
082 0 0 _a813.54
_bGIL
100 1 _aGilbert, Elizabeth,
_d1969-
245 1 0 _aPilgrims /
_cElizabeth Gilbert.
260 _aBoston :
_bHoughton Mifflin Co.,
_c1997.
300 _a210 p. ;
_c22 cm.
651 0 _aUnited States
_xSocial life and customs
_y20th century
_xFiction.
856 4 2 _3Publisher description
_uhttp://www.loc.gov/catdir/enhancements/fy0728/97019956-d.html
856 4 2 _3Contributor biographical information
_uhttp://www.loc.gov/catdir/enhancements/fy0736/97019956-b.html
906 _a7
_bcbc
_corignew
_d1
_eocip
_f19
_gy-gencatlg
942 _2ddc
_cBK